000 00452nam a2200181Ia 4500
005 20250423101329.0
008 250422s9999 xx 000 0 und d
020 _a978-030-3162
050 _aPR 9387.9.O 3958 M 4/
100 _aOmobowale, Babatunde E.
245 4 _aThe melting pot : a collection of four stories
260 _aIbadan
260 _bUniversity Press
260 _c2004
300 _a155 p
650 _aLiterature
942 _cBK
999 _c35991
_d35991